[Event "WC-2011-F-00007"]
[Site "LSS email"]
[Date "2011.11.23"]
[Round "?"]
[White "Suarez, Rolando"]
[Black "Lavis, Jon"]
[Result "0-1"]
[WhiteElo "1694"]
[BlackElo "2030"]
[PlyCount "86"]
[EventDate "2011.12.01"]
[EventType "tourn (corr)"]
[EventRounds "10"]
[EventCountry "GER"]
[SourceTitle "Telechess CBM 165"]
[Source "ChessBase"]
[SourceDate "2015.03.11"]
[SourceVersion "1"]
[SourceVersionDate "2015.03.11"]
[SourceQuality "1"]

1. e4 c5 2. Nc3 Nc6 3. g3 Nf6 4. Bg2 g6 5. d3 Bg7 6. Be3 d6 7. h3 0-0 8. Qd2 Rb8 9. Nge2 b5 10. a3 a5 11. 0-0 b4 12. axb4 axb4 13. Nd5 Ne8 14. c3 e6 15. Ndf4 Nf6 16. d4 e5 17. dxe5 Nxe5 18. Rfd1 Nc4 19. Qc1 bxc3 20. Nxc3 Nxb2 21. Rd2 Nc4 22. Rd1 Nd7 23. Nfd5 Nxe3 24. Nxe3 Bd4 25. Ra7 Ne5 26. Ncd5 Bb7 27. Ra2 h5 28. Kf1 Bxd5 29. Nxd5 Kg7 30. Kg1 Rb3 31. Kh2 h4 32. g4 Qd7 33. Qg5 f6 34. Qc1 Rfb8 35. Bf1 R8b7 36. Be2 Bxf2 37. Rf1 Bd4 38. Nxf6 Qe6 39. Ra8 Nd3 40. Nh5+ Kh7 41. Bxd3 Rxd3 42. Nf4 Be5 43. Kh1 Qb3 0-1

[Event "BI-2011-P-00002"]
[Site "LSS email"]
[Date "2011.04.17"]
[Round "?"]
[White "Kolar, Jaroslav"]
[Black "Suarez, Rolando"]
[Result "1-0"]
[WhiteElo "2004"]
[BlackElo "1722"]
[PlyCount "51"]
[EventDate "2011.04.20"]
[EventType "tourn (corr)"]
[EventRounds "10"]
[EventCountry "GER"]
[SourceTitle "Telechess CBM 151"]
[Source "ChessBase"]
[SourceDate "2012.11.13"]
[SourceVersion "1"]
[SourceVersionDate "2012.11.13"]
[SourceQuality "1"]

1. Nf3 Nf6 2. c4 g6 3. Nc3 Bg7 4. e4 d6 5. Be2 0-0 6. d4 Na6 7. 0-0 c6 8. Re1 Bg4 9. h3 Be6 10. Be3 Nc7 11. d5 Bd7 12. Qb3 Qc8 13. Rad1 cxd5 14. cxd5 a5 15. e5 dxe5 16. Nxe5 b5 17. Bf3 Ra6 18. Bf4 b4 19. Ne2 e6 20. Rc1 Nfe8 21. Nd4 exd5 22. Bxd5 Be6 23. Bxe6 fxe6 24. Ndc6 Kh8 25. Ne7 Qb7 26. Qg3 1-0

[Event "BI-2011-P-00002"]
[Site "LSS email"]
[Date "2011.04.17"]
[Round "?"]
[White "Morcin, Tom"]
[Black "Suarez, Rolando"]
[Result "1-0"]
[WhiteElo "1950"]
[BlackElo "1722"]
[PlyCount "57"]
[EventDate "2011.04.20"]
[EventType "tourn (corr)"]
[EventRounds "10"]
[EventCountry "GER"]
[SourceTitle "Telechess CBM 151"]
[Source "ChessBase"]
[SourceDate "2012.11.13"]
[SourceVersion "1"]
[SourceVersionDate "2012.11.13"]
[SourceQuality "1"]

1. d4 Nf6 2. c4 c5 3. d5 b5 4. cxb5 a6 5. e3 g6 6. Nc3 Bg7 7. Nf3 0-0 8. a4 Ne8 9. Bd2 Bb7 10. Be2 axb5 11. axb5 Rxa1 12. Qxa1 Qb6 13. e4 d6 14. Bg5 Nf6 15. Nd2 Nbd7 16. Nc4 Qc7 17. Qa5 Qb8 18. 0-0 h6 19. Be3 e6 20. Bf4 Ne5 21. dxe6 fxe6 22. Bxe5 dxe5 23. Bf3 Qd8 24. Qa7 Qd4 25. Qxb7 Qxc4 26. b6 Qb3 27. Qc6 Rb8 28. Nb5 Kh7 29. b7 1-0

[Event "BI-2011-P-00002"]
[Site "LSS email"]
[Date "2011.04.17"]
[Round "?"]
[White "Suarez, Rolando"]
[Black "Pott, Brian"]
[Result "1/2-1/2"]
[WhiteElo "1722"]
[BlackElo "1651"]
[PlyCount "138"]
[EventDate "2011.04.20"]
[EventType "tourn (corr)"]
[EventRounds "10"]
[EventCountry "GER"]
[SourceTitle "Telechess CBM 151"]
[Source "ChessBase"]
[SourceDate "2012.11.13"]
[SourceVersion "1"]
[SourceVersionDate "2012.11.13"]
[SourceQuality "1"]

1. Nf3 Nf6 2. c4 g6 3. d4 Bg7 4. g3 0-0 5. Bg2 d6 6. 0-0 Nbd7 7. Nc3 e5 8. e4 a6 9. dxe5 dxe5 10. Qc2 c6 11. h3 Qe7 12. Be3 b5 13. a3 Rb8 14. b4 Bb7 15. Rfd1 Rfd8 16. Rab1 Ne8 17. c5 Nf8 18. a4 Ne6 19. axb5 axb5 20. Ne2 Ra8 21. Rxd8 Rxd8 22. Ra1 Bc8 23. Ra3 N8c7 24. Ra7 Qd7 25. Qb2 Qd1+ 26. Kh2 Na6 27. Nc3 Qd3 28. Nd2 Nac7 29. Bf1 Qd7 30. Qa2 Kh8 31. Qa5 f5 32. Ne2 Qf7 33. exf5 gxf5 34. Nf3 Rd7 35. Qa1 e4 36. Ne5 Qe8 37. Bh6 Bf6 38. Bc1 Rd1 39. Bg2 Re1 40. Qb2 Rxe2 41. Qxe2 Bxe5 42. Bb2 Ng7 43. Bxe5 Qxe5 44. Qd2 Nd5 45. Qh6 Nxb4 46. Qd6 Qxd6 47. cxd6 Ne8 48. d7 Bxd7 49. Rxd7 Nf6 50. Rc7 Kg8 51. g4 fxg4 52. Kg1 gxh3 53. Bxh3 Kf8 54. Kh2 Ke8 55. Kg3 Kd8 56. Rb7 Nbd5 57. Bf5 b4 58. Kh4 h6 59. Be6 Nf4 60. Bf5 c5 61. Rb6 Ke7 62. Rc6 Nd3 63. Re6+ Kf7 64. Rc6 Kg7 65. Rc7+ Kf8 66. Rc6 Kf7 67. Rc7+ Kf8 68. Rc6 Kf7 69. Rc7+ Kf8 1/2-1/2

[Event "BI-2011-P-00002"]
[Site "LSS email"]
[Date "2011.04.17"]
[Round "?"]
[White "Suarez, Rolando"]
[Black "Rojas Sagredo, Fernando"]
[Result "1-0"]
[WhiteElo "1722"]
[BlackElo "1386"]
[PlyCount "57"]
[EventDate "2011.04.20"]
[EventType "tourn (corr)"]
[EventRounds "10"]
[EventCountry "GER"]
[SourceTitle "Telechess CBM 151"]
[Source "ChessBase"]
[SourceDate "2012.11.13"]
[SourceVersion "1"]
[SourceVersionDate "2012.11.13"]
[SourceQuality "1"]

1. Nf3 Nf6 2. d4 d5 3. c4 e6 4. g3 dxc4 5. Bg2 c6 6. 0-0 Be7 7. Qc2 0-0 8. Qxc4 Nbd7 9. Nc3 Qa5 10. Bf4 Nd5 11. Bd2 Nxc3 12. Bxc3 Qh5 13. e4 Bd6 14. a4 Nb6 15. Qb3 Nd7 16. e5 Be7 17. a5 Rd8 18. Nd2 Rb8 19. Bf3 Qh6 20. h4 Qg6 21. Be4 Qh5 22. Rfe1 Kf8 23. Bf3 Qg6 24. Qd1 f6 25. h5 Qf7 26. exf6 Nxf6 27. Nc4 Bd7 28. Ne5 Rbc8 29. Nxf7 1-0

[Event "LSS WC-2010-F-00010"]
[Site "LSS email"]
[Date "2010.11.17"]
[Round "?"]
[White "Correa de Almeida, Claudio"]
[Black "Suarez, Rolando"]
[Result "1-0"]
[WhiteElo "1685"]
[BlackElo "1671"]
[PlyCount "93"]
[EventDate "2010.11.23"]
[EventType "tourn (corr)"]
[EventRounds "10"]
[EventCountry "GER"]
[SourceTitle "Telechess CBM 147"]
[Source "ChessBase"]
[SourceDate "2012.03.16"]
[SourceVersion "1"]
[SourceVersionDate "2012.03.16"]
[SourceQuality "1"]

1. d4 e6 2. c4 Bb4+ 3. Bd2 a5 4. Nc3 Nf6 5. e4 Bxc3 6. Bxc3 Nxe4 7. Qg4 Nxc3 8. Qxg7 Rf8 9. bxc3 f5 10. Qg3 d6 11. Nf3 Qf6 12. Bd3 e5 13. dxe5 dxe5 14. Qxe5+ Qxe5+ 15. Nxe5 Be6 16. 0-0-0 Na6 17. Bc2 Ke7 18. Rhe1 Nc5 19. Nd3 Nxd3+ 20. Bxd3 Kf6 21. f4 Rad8 22. Re5 Rfe8 23. Rxa5 Ra8 24. Rxa8 Rxa8 25. Kb2 Ra6 26. a3 Rd6 27. Kc2 Bd7 28. Kb3 Rb6+ 29. Ka2 Ba4 30. Re1 Rd6 31. Re3 Bc6 32. g3 Bd7 33. Be2 Rd2+ 34. Kb3 Bc6 35. c5 h6 36. a4 Bd5+ 37. c4 Bc6 38. a5 Be4 39. h4 c6 40. g4 fxg4 41. Bxg4 Bf5 42. Bxf5 Kxf5 43. Re7 Rd1 44. Kb2 Rd4 45. Kc3 Rd8 46. Rxb7 Kxf4 47. a6 1-0

[Event "LSS WC-2010-F-00010"]
[Site "LSS email"]
[Date "2010.11.17"]
[Round "?"]
[White "Suarez, Rolando"]
[Black "Bartsch, Christian"]
[Result "0-1"]
[WhiteElo "1671"]
[BlackElo "1808"]
[PlyCount "108"]
[EventDate "2010.11.23"]
[EventType "tourn (corr)"]
[EventRounds "10"]
[EventCountry "GER"]
[SourceTitle "Telechess CBM 147"]
[Source "ChessBase"]
[SourceDate "2012.03.16"]
[SourceVersion "1"]
[SourceVersionDate "2012.03.16"]
[SourceQuality "1"]

1. d4 c6 2. c4 d5 3. Nf3 Nf6 4. g3 dxc4 5. Bg2 e6 6. 0-0 Nbd7 7. a4 b5 8. axb5 cxb5 9. Ne5 Nd5 10. Nc3 Nxe5 11. dxe5 Bc5 12. Nxd5 exd5 13. Bxd5 Bh3 14. Bc6+ Ke7 15. Bg5+ f6 16. exf6+ gxf6 17. Bf4 a6 18. Qc2 Ra7 19. b4 Bxb4 20. Rfd1 Qc8 21. Bd5 Be6 22. Be3 Rd7 23. Qe4 Rxd5 24. Rxd5 Qc6 25. Rad1 Kf7 26. Bh6 Bxd5 27. Rxd5 Qe6 28. Qf3 Rc8 29. Rd4 f5 30. Bg5 Kg8 31. Qb7 Bf8 32. Rd7 Qc6 33. Qa7 Ra8 34. Qd4 Re8 35. Rd8 Rxd8 36. Qxd8 Kf7 37. Be3 b4 38. Qg5 Qf6 39. Qf4 c3 40. Qc7+ Qe7 41. Qc8 Qe6 42. Qc7+ Be7 43. h4 Qd5 44. Qc8 a5 45. Qh8 a4 46. Qxh7+ Ke8 47. Qg6+ Kd7 48. Qa6 a3 49. h5 b3 50. Qa4+ Kc7 51. Qa7+ Kd8 52. Qb8+ Kd7 53. Qa7+ Ke8 54. h6 b2 0-1

[Event "LSS WC-2010-F-00010"]
[Site "LSS email"]
[Date "2010.11.17"]
[Round "?"]
[White "Van Bommel, Ton"]
[Black "Suarez, Rolando"]
[Result "1-0"]
[WhiteElo "1783"]
[BlackElo "1671"]
[PlyCount "51"]
[EventDate "2010.11.23"]
[EventType "tourn (corr)"]
[EventRounds "10"]
[EventCountry "GER"]
[SourceTitle "Telechess CBM 151"]
[Source "ChessBase"]
[SourceDate "2012.11.13"]
[SourceVersion "1"]
[SourceVersionDate "2012.11.13"]
[SourceQuality "1"]

1. e4 e6 2. d4 d5 3. Nc3 dxe4 4. Nxe4 Be7 5. Nf3 Nf6 6. Nxf6+ Bxf6 7. c3 b6 8. Bb5+ Bd7 9. Bd3 Bc6 10. 0-0 0-0 11. Re1 Nd7 12. Bf4 a5 13. h3 h6 14. Bc2 Re8 15. Re3 Bb7 16. Qd3 Nf8 17. Qe2 a4 18. Rd1 Nd7 19. Ne5 Re7 20. Rg3 Kf8 21. Qg4 Ke8 22. Qh5 Nf8 23. d5 Qc8 24. Ng4 Bg5 25. Bxg5 hxg5 26. Qxg5 1-0

[Event "OP-2010-0-01312"]
[Site "LSS email"]
[Date "2010.11.11"]
[Round "?"]
[White "Egorov, Vladimir Alekseevic"]
[Black "Suarez, Rolando"]
[Result "1-0"]
[WhiteElo "1717"]
[BlackElo "1703"]
[PlyCount "83"]
[EventDate "2010.11.06"]
[EventType "tourn (corr)"]
[EventRounds "4"]
[EventCountry "GER"]
[SourceTitle "Telechess CBM 145"]
[Source "Chessbase"]
[SourceDate "2011.11.11"]
[SourceVersion "1"]
[SourceVersionDate "2011.11.11"]
[SourceQuality "1"]

1. d4 e6 2. c4 Bb4+ 3. Bd2 Qe7 4. e4 Nf6 5. Bd3 Bxd2+ 6. Qxd2 d6 7. Nc3 e5 8. Nge2 Nc6 9. Nd5 Nxd5 10. cxd5 Nxd4 11. Nxd4 exd4 12. Rc1 0-0 13. 0-0 a5 14. Rfe1 c5 15. dxc6 bxc6 16. Rxc6 Bb7 17. Rc4 Qf6 18. Bf1 Rac8 19. Rxd4 Rc2 20. Qxc2 Qxd4 21. Rd1 Qe5 22. f3 Rc8 23. Qd2 h6 24. b4 axb4 25. Qxb4 Bc6 26. Ba6 Ra8 27. Bc4 Rc8 28. Rxd6 Qe7 29. Bb3 Be8 30. g3 Qg5 31. Kg2 Qe7 32. Qd4 Qg5 33. e5 Kh8 34. a4 Qc1 35. e6 fxe6 36. Rxe6 Bc6 37. a5 Bb5 38. g4 Qf1+ 39. Kg3 Qc1 40. a6 Qc7+ 41. Kg2 Qc1 42. a7 1-0

[Event "OP-2010-0-01312"]
[Site "LSS email"]
[Date "2010.11.11"]
[Round "?"]
[White "Suarez, Rolando"]
[Black "Henke, Simon"]
[Result "1/2-1/2"]
[WhiteElo "1703"]
[BlackElo "1444"]
[PlyCount "142"]
[EventDate "2010.11.06"]
[EventType "tourn (corr)"]
[EventRounds "4"]
[EventCountry "GER"]
[SourceTitle "Telechess CBM 145"]
[Source "Chessbase"]
[SourceDate "2011.11.11"]
[SourceVersion "1"]
[SourceVersionDate "2011.11.11"]
[SourceQuality "1"]

1. d4 f5 2. Nc3 Nf6 3. Bg5 e6 4. e4 fxe4 5. Nxe4 Be7 6. Bxf6 Bxf6 7. Qh5+ g6 8. Qh6 b6 9. Nf3 Bb7 10. Bd3 Qe7 11. 0-0 Bg7 12. Qf4 Na6 13. a4 Nb4 14. a5 Nd5 15. Qg3 0-0 16. a6 Bc6 17. Ne5 Nf4 18. Rfe1 Rad8 19. c3 Ba8 20. Bc2 d6 21. Nd3 Bh6 22. Nxf4 Rxf4 23. f3 Bd5 24. Qf2 c5 25. Rad1 Bc4 26. d5 e5 27. b3 Bxa6 28. Ra1 Bc8 29. Ra4 a5 30. b4 axb4 31. cxb4 Rff8 32. Rea1 Bb7 33. Bb3 b5 34. Ra7 c4 35. Bc2 Rd7 36. Nc3 Qg5 37. Nxb5 Qd2 38. Qxd2 Bxd2 39. Kf1 Bxb4 40. R7a4 Bc5 41. Nc3 Bd4 42. Rxc4 Bxc3 43. Rxc3 Bxd5 44. Rd1 Be6 45. Ba4 Rdd8 46. Rc6 Rf6 47. Kf2 Bf7 48. Bc2 Kg7 49. Rc7 d5 50. Ke2 Rb6 51. Ra1 Kf6 52. Raa7 Bg8 53. h4 Rf8 54. Rc3 h5 55. g3 Be6 56. Ra5 d4 57. Rc7 Rc8 58. Rxc8 Bxc8 59. f4 exf4 60. gxf4 Rb4 61. Ra8 Bg4+ 62. Kd2 Be6 63. Ra6 d3 64. Bxd3 Rxf4 65. Bxg6 Kxg6 66. Rxe6+ Kf5 67. Re8 Rxh4 68. Ke3 Rh3+ 69. Kf2 h4 70. Rh8 Kg4 71. Rg8+ Kf4 1/2-1/2

[Event "LSS SB-2010-0-00097"]
[Site "LSS email"]
[Date "2010.06.24"]
[Round "?"]
[White "Suarez, Rolando"]
[Black "Lombart, Philippe"]
[Result "0-1"]
[WhiteElo "1763"]
[BlackElo "1919"]
[PlyCount "84"]
[EventDate "2010.05.17"]
[EventType "tourn (corr)"]
[EventRounds "6"]
[EventCountry "GER"]
[SourceTitle "Telechess CBM 141"]
[Source "ChessBase"]
[SourceDate "2011.03.17"]
[SourceVersion "1"]
[SourceVersionDate "2011.03.17"]
[SourceQuality "1"]

1. d4 d5 2. c4 e6 3. Nf3 Nc6 4. Nc3 Bb4 5. Bg5 Nf6 6. e3 h6 7. Bxf6 Qxf6 8. Be2 0-0 9. 0-0 Bxc3 10. bxc3 b6 11. Qa4 Bb7 12. cxd5 exd5 13. c4 dxc4 14. Qxc4 Rfd8 15. Rab1 Rac8 16. Qa4 Na5 17. Rbc1 Qe7 18. Rfd1 c5 19. dxc5 Rxd1+ 20. Rxd1 Rxc5 21. Nd4 g6 22. h3 Bd5 23. Nf3 Bc6 24. Qf4 Kg7 25. a4 Qf6 26. Qb4 Rc2 27. Nd4 Ra2 28. Rc1 Rxa4 29. Qb2 Bd5 30. Bf3 Bc4 31. Qc2 b5 32. Rb1 a6 33. Qc3 Ba2 34. Rd1 b4 35. Qc7 h5 36. Qd7 Ra3 37. Qa7 Nc4 38. Qc5 a5 39. Nb5 Bb3 40. Nxa3 bxa3 41. Bd5 a2 42. Bxc4 a1Q 0-1

[Event "LSS BI-2010-P-00008"]
[Site "LSS email"]
[Date "2010.04.19"]
[Round "?"]
[White "Malmstroem, Jan"]
[Black "Suarez, Rolando"]
[Result "1/2-1/2"]
[WhiteElo "1864"]
[BlackElo "1808"]
[PlyCount "102"]
[EventDate "2010.04.22"]
[EventType "tourn (corr)"]
[EventRounds "10"]
[EventCountry "GER"]
[SourceTitle "Telechess CBM 141"]
[Source "ChessBase"]
[SourceDate "2011.03.17"]
[SourceVersion "1"]
[SourceVersionDate "2011.03.17"]
[SourceQuality "1"]

1. d4 Nf6 2. Bg5 Ne4 3. Bf4 c5 4. c3 Qb6 5. Nd2 d5 6. Nxe4 dxe4 7. Rb1 cxd4 8. Qxd4 Qxd4 9. cxd4 Nc6 10. e3 e5 11. Bxe5 Bb4+ 12. Kd1 Nxe5 13. dxe5 Be6 14. Ne2 Bxa2 15. Ra1 Bb3+ 16. Kc1 Rc8+ 17. Kb1 Bc2+ 18. Kc1 a5 19. Nd4 Bd3+ 20. Kd1 g6 21. Bxd3 exd3 22. h4 Ke7 23. h5 Rhg8 24. hxg6 hxg6 25. Rc1 Rxc1+ 26. Kxc1 Rc8+ 27. Kd1 Rc5 28. f4 g5 29. g3 gxf4 30. gxf4 Rc8 31. Nf3 a4 32. Nd4 Rg8 33. Kc1 Ra8 34. Nf3 Rc8+ 35. Kb1 Rc2 36. Rd1 Rf2 37. Nd4 Bd2 38. Ka2 Kd7 39. f5 Ke7 40. f6+ Kd7 41. e4 Bf4 42. e6+ Ke8 43. Rxd3 Be5 44. exf7+ Kxf7 45. Ka3 Bxf6 46. Rf3 Rxf3+ 47. Nxf3 b5 48. b3 axb3 49. Kxb3 Be7 50. Nd4 b4 51. Nc6 Ke6 1/2-1/2

[Event "LSS BI-2010-P-00008"]
[Site "LSS email"]
[Date "2010.04.19"]
[Round "?"]
[White "Suarez, Rolando"]
[Black "Meiners, Edwin Paul"]
[Result "0-1"]
[WhiteElo "1815"]
[BlackElo "2269"]
[PlyCount "84"]
[EventDate "2010.04.22"]
[EventType "tourn (corr)"]
[EventRounds "10"]
[EventCountry "GER"]
[SourceTitle "Telechess CBM 141"]
[Source "ChessBase"]
[SourceDate "2011.03.17"]
[SourceVersion "1"]
[SourceVersionDate "2011.03.17"]
[SourceQuality "1"]

1. d4 Nf6 2. c4 g6 3. Nc3 Bg7 4. e4 d6 5. f3 Nbd7 6. Be3 0-0 7. Bd3 c5 8. Nge2 cxd4 9. Bxd4 Ne5 10. 0-0 Nfd7 11. Bc2 Nc6 12. Be3 Nde5 13. b3 Qa5 14. Bd2 Qb6+ 15. Kh1 Qd8 16. a3 Nd7 17. Be3 a6 18. Rb1 Rb8 19. Nd5 Re8 20. Qd2 b5 21. cxb5 axb5 22. Rfc1 Nde5 23. Nd4 Nxd4 24. Bxd4 e6 25. Nb4 Bb7 26. Bd1 Qa5 27. Ra1 Rbc8 28. Be2 Rxc1+ 29. Qxc1 Nd3 30. Qe3 Nxb4 31. Bxg7 Nc2 32. Qh6 Nxa1 33. b4 Qd8 34. Bxa1 e5 35. Bxb5 Rf8 36. Qd2 Qb6 37. Bd3 Rd8 38. Qe2 d5 39. exd5 Rxd5 40. Bc2 Qa6 41. Qxa6 Bxa6 42. h4 Rd2 0-1

[Event "LSS WC-2014-P-00019"]
[Site "LSS email"]
[Date "2010.02.18"]
[Round "?"]
[White "Suarez, Rolando"]
[Black "Medvedev, Eduard"]
[Result "0-1"]
[WhiteElo "1816"]
[BlackElo "2093"]
[PlyCount "76"]
[EventDate "2010.02.24"]
[EventType "tourn (corr)"]
[EventRounds "6"]
[EventCountry "GER"]
[SourceTitle "Telechess CBM 141"]
[Source "ChessBase"]
[SourceDate "2011.03.17"]
[SourceVersion "1"]
[SourceVersionDate "2011.03.17"]
[SourceQuality "1"]

1. d4 Nf6 2. c4 e6 3. Nc3 Bb4 4. e3 0-0 5. Bd3 d5 6. Nf3 c5 7. 0-0 Nc6 8. a3 Bxc3 9. bxc3 dxc4 10. Bxc4 Qc7 11. Bb2 e5 12. h3 Bf5 13. Ba2 Rad8 14. Qe2 Rfe8 15. d5 Rxd5 16. Bxd5 Nxd5 17. c4 Nb6 18. Rad1 f6 19. Rc1 Qf7 20. Rfd1 Rc8 21. Ba1 Na5 22. Rc3 Nbxc4 23. e4 Be6 24. a4 Nc6 25. Qe1 a6 26. Nd2 Nd4 27. Rg3 b5 28. axb5 axb5 29. Nb3 Qe7 30. Bxd4 exd4 31. Ra1 b4 32. Qe2 Nd6 33. Qa6 Bc4 34. Qb6 Qc7 35. Qxc7 Rxc7 36. Nd2 g6 37. f4 Bf7 38. Ra6 c4 0-1

[Event "LSS WC-2009-F-00009"]
[Site "LSS email"]
[Date "2009.11.03"]
[Round "?"]
[White "Klykow, Lukasz"]
[Black "Suarez, Rolando"]
[Result "1-0"]
[WhiteElo "1839"]
[BlackElo "1714"]
[PlyCount "73"]
[EventDate "2009.11.08"]
[EventType "tourn (corr)"]
[EventRounds "10"]
[EventCountry "GER"]
[SourceTitle "Corr 2013"]
[Source "ChessBase"]
[SourceDate "2012.11.12"]
[SourceVersion "1"]
[SourceVersionDate "2012.11.12"]
[SourceQuality "1"]
[WhiteTeam "US of America"]
[BlackTeam "US of America"]
[WhiteTeamCountry "USA"]
[BlackTeamCountry "USA"]

1. e4 e6 2. d4 d5 3. Nc3 dxe4 4. Nxe4 Be7 5. Nf3 Nf6 6. Nxf6+ Bxf6 7. Bc4 Nd7 8. 0-0 0-0 9. c3 Nb6 10. Bd3 a6 11. Re1 Bd7 12. Ne5 Bb5 13. Bc2 Bxe5 14. Rxe5 g6 15. Qg4 Re8 16. Bg5 Qd6 17. Qh4 Nc4 18. Re4 f5 19. Ree1 Nxb2 20. Bb3 Nc4 21. Bf4 Qd7 22. Rab1 Na3 23. Rb2 Nc4 24. Bxc4 Bxc4 25. Rxb7 Qe7 26. Qg3 Rec8 27. a4 Bd5 28. Rxc7 Rxc7 29. Bxc7 Rc8 30. Bd6 Qd7 31. Be5 Qxa4 32. Qg5 Rf8 33. Bd6 Rc8 34. Qf6 Qe8 35. Be5 Qf8 36. Qh8+ Kf7 37. Qxh7+ 1-0

[Event "LSS WC-2009-F-00009"]
[Site "LSS email"]
[Date "2009.11.03"]
[Round "?"]
[White "Suarez, Rolando"]
[Black "Migliorini, Roberto"]
[Result "0-1"]
[WhiteElo "1948"]
[BlackElo "1854"]
[PlyCount "42"]
[EventDate "2009.11.08"]
[EventType "tourn (corr)"]
[EventRounds "10"]
[EventCountry "GER"]
[SourceTitle "Telechess CBM 137"]
[Source "ChessBase"]
[SourceDate "2010.07.15"]
[SourceVersion "1"]
[SourceVersionDate "2010.07.15"]
[SourceQuality "1"]

1. e4 c5 2. Nc3 e6 3. g3 d5 4. exd5 exd5 5. d4 cxd4 6. Qxd4 Nf6 7. Bg5 Be7 8. Bb5+ Nc6 9. 0-0-0 0-0 10. Qa4 Be6 11. Nge2 Qb6 12. Be3 Qc7 13. Nd4 Bd7 14. Rhe1 a6 15. Bxc6 bxc6 16. Nb3 Rfe8 17. Bf4 Qa7 18. f3 a5 19. g4 Bb4 20. a3 Rxe1 21. Rxe1 c5 0-1

[Event "LSS WC-2009-F-00009"]
[Site "LSS email"]
[Date "2009.11.03"]
[Round "?"]
[White "Suarez, Rolando"]
[Black "Wisham, Clyde"]
[Result "1/2-1/2"]
[WhiteElo "1714"]
[BlackElo "1876"]
[PlyCount "158"]
[EventDate "2009.11.08"]
[EventType "tourn (corr)"]
[EventRounds "10"]
[EventCountry "GER"]
[SourceTitle "Corr 2013"]
[Source "ChessBase"]
[SourceDate "2012.11.12"]
[SourceVersion "1"]
[SourceVersionDate "2012.11.12"]
[SourceQuality "1"]
[WhiteTeam "US of America"]
[BlackTeam "US of America"]
[WhiteTeamCountry "USA"]
[BlackTeamCountry "USA"]

1. e4 Nc6 2. Nf3 d6 3. d4 Nf6 4. Nc3 e6 5. Bd3 Be7 6. 0-0 0-0 7. a3 a6 8. Be3 Re8 9. h3 b6 10. Re1 Bb7 11. Nd2 Nd7 12. Ne2 Bg5 13. Bxg5 Qxg5 14. c3 Ne7 15. Nf3 Qf6 16. Ng3 Ng6 17. Nh5 Qd8 18. b4 Nf6 19. Nxf6+ Qxf6 20. g3 e5 21. d5 a5 22. Bb5 Rec8 23. Re3 Ne7 24. Rd3 Rd8 25. a4 Qh6 26. h4 Qg6 27. Nd2 f5 28. h5 Qg5 29. bxa5 Rxa5 30. exf5 Qxf5 31. Nc4 Raa8 32. Ne3 Qf7 33. Rb1 Rf8 34. Rd2 Nf5 35. Nxf5 Qxf5 36. Rb4 Qg5 37. Rg4 Qh6 38. Rh4 Rf7 39. Bf1 Ba6 40. Bxa6 Rxa6 41. Rc2 Ra8 42. Rc4 Ra5 43. Rd2 Qg5 44. Rg4 Qf5 45. h6 g6 46. Rh4 Qg5 47. Rb2 Ra8 48. Qd2 Qe7 49. Qe3 Rf5 50. Rd2 Raf8 51. Kg2 Qe8 52. Qe4 R8f6 53. Rh1 Qf7 54. Qc2 Rf3 55. c4 Ra3 56. Rh4 Rff3 57. Qd1 Qf5 58. Qe2 Rfc3 59. c5 Rxc5 60. Qd1 Rcc3 61. Rb4 Qf8 62. Rh4 Rc5 63. Qg4 Kh8 64. Qd1 Rcc3 65. Qe2 Qf7 66. Qd1 Qf6 67. Qg4 Qd8 68. Re2 Qf8 69. Rh1 Rc5 70. Rd2 Rac3 71. Re1 R5c4 72. Qd7 g5 73. Re3 Qxh6 74. Qe8+ Kg7 75. Qd7+ Kg8 76. Rd4 Rc5 77. Qd8+ Qf8 78. Qxg5+ Kh8 79. Rxe5 Qf3+ 1/2-1/2

[Event "LSS SB-2009-0-00060"]
[Site "LSS email"]
[Date "2009.09.12"]
[Round "?"]
[White "Suarez, Rolando"]
[Black "McDonald, Graham R"]
[Result "1/2-1/2"]
[WhiteElo "1718"]
[BlackElo "1580"]
[PlyCount "74"]
[EventDate "2009.07.19"]
[EventType "tourn (corr)"]
[EventRounds "6"]
[EventCountry "GER"]
[SourceTitle "Corr 2013"]
[Source "ChessBase"]
[SourceDate "2012.11.12"]
[SourceVersion "1"]
[SourceVersionDate "2012.11.12"]
[SourceQuality "1"]
[WhiteTeam "US of America"]
[BlackTeam "US of America"]
[WhiteTeamCountry "USA"]
[BlackTeamCountry "USA"]

1. e4 e5 2. Bc4 Nf6 3. d3 c6 4. Bb3 d5 5. Nf3 Bd6 6. exd5 Nxd5 7. c4 Nf6 8. 0-0 0-0 9. Nc3 Bf5 10. d4 Nbd7 11. Nh4 Be6 12. d5 cxd5 13. cxd5 Bg4 14. f3 Bh5 15. Nf5 Bc5+ 16. Kh1 Bg6 17. Nh4 Rc8 18. Bg5 Bd4 19. Rc1 Qa5 20. d6 Qb4 21. Bxf6 Nxf6 22. Nxg6 hxg6 23. Qd3 Qxd6 24. Qxg6 Bxc3 25. bxc3 Qd2 26. Qf5 Rxc3 27. Rxc3 Qxc3 28. g4 Kh8 29. g5 Nh7 30. h4 g6 31. Qd7 Qb4 32. Qg4 Qxg4 33. fxg4 f6 34. gxf6 Rxf6 35. Rc1 Rc6 36. Rxc6 bxc6 37. g5 Kg7 1/2-1/2

[Event "LSS SB-2009-0-00060"]
[Site "LSS email"]
[Date "2009.09.12"]
[Round "?"]
[White "Van Bommel, Ton"]
[Black "Suarez, Rolando"]
[Result "1-0"]
[WhiteElo "1732"]
[BlackElo "1718"]
[PlyCount "107"]
[EventDate "2009.07.19"]
[EventType "tourn (corr)"]
[EventRounds "6"]
[EventCountry "GER"]
[SourceTitle "Corr 2013"]
[Source "ChessBase"]
[SourceDate "2012.11.12"]
[SourceVersion "1"]
[SourceVersionDate "2012.11.12"]
[SourceQuality "1"]
[WhiteTeam "US of America"]
[BlackTeam "US of America"]
[WhiteTeamCountry "USA"]
[BlackTeamCountry "USA"]

1. e4 e6 2. Nc3 d5 3. Nf3 d4 4. Nb5 c5 5. Be2 Nf6 6. 0-0 a6 7. e5 Nd5 8. Na3 Nc6 9. c3 h6 10. Qc2 Nf4 11. d3 Nxe2+ 12. Qxe2 b5 13. Nc2 Bb7 14. cxd4 cxd4 15. Qe4 Rb8 16. Ncxd4 Nxd4 17. Qxd4 Bxf3 18. Qxd8+ Rxd8 19. gxf3 Bc5 20. Rd1 Bd4 21. f4 f6 22. exf6 Bxf6 23. Rb1 Rd5 24. Be3 Kd7 25. d4 Rc8 26. Kg2 b4 27. a3 Rb8 28. Kf3 Rb7 29. Ke4 Rh5 30. Rh1 a5 31. a4 b3 32. Bd2 Rd5 33. Bc3 Ke7 34. Ra1 Rbd7 35. Rhd1 Rb7 36. Rd3 Kd7 37. Bd2 Rc7 38. Be3 Rc4 39. Ra3 Rd6 40. Raxb3 Rxa4 41. Rb7+ Kc6 42. Rb8 Rb4 43. Rc3+ Kd7 44. Rxb4 axb4 45. Rc5 Ra6 46. Rb5 Ra4 47. f5 exf5+ 48. Kxf5 Kc6 49. Rb8 Kd5 50. b3 Ra5 51. Rxb4 Be7 52. Ra4 Rb5 53. Ra7 Bd6 54. Rxg7 1-0

[Event "LSS SC-2009-0-00027"]
[Site "LSS email"]
[Date "2009.03.14"]
[Round "?"]
[White "Suarez, Rolando"]
[Black "Korovin, Sergei"]
[Result "1-0"]
[WhiteElo "1826"]
[BlackElo "1696"]
[PlyCount "53"]
[EventDate "2009.02.01"]
[EventType "tourn (corr)"]
[EventRounds "6"]
[EventCountry "GER"]
[SourceTitle "Corr 2011"]
[Source "ChessBase"]
[SourceDate "2010.08.31"]
[SourceVersion "1"]
[SourceVersionDate "2010.08.31"]
[SourceQuality "1"]

1. c4 f5 2. g3 Nf6 3. Bg2 g6 4. d4 Bg7 5. Nc3 0-0 6. Nf3 d6 7. 0-0 c6 8. d5 e5 9. h3 e4 10. Nd4 c5 11. Ne6 Bxe6 12. dxe6 Re8 13. f3 Nh5 14. fxe4 Nxg3 15. exf5 Nc6 16. Bd5 Kh8 17. Ne4 Nxf1 18. Bg5 Ne3 19. Qd2 Qc7 20. f6 Nf5 21. fxg7+ Nxg7 22. Bf6 Nd4 23. Ng5 Rf8 24. Nf7+ Kg8 25. Bxd4 cxd4 26. Rf1 Qe7 27. Qxd4 1-0